000 00775nam a22002535i 4500
001 12194
003 ES-MaACL
005 20250729030530.0
007 t|
008 941020s1991 sp ||||0| spa j
020 _a84-7798-056-X
040 _aM-BN
_bspa
_cM-BN
080 _a930.25
100 1 _aHeredia Herrera, Antonia.
_962696
245 1 0 _aArchivística general
_b: teoría y práctica /
_cAntonia Heredia Herrera.
250 _a6ª ed.
260 _aSevilla :
_bDiputación Provincial,
_c1991 (
_gimp. 1993)
300 _a512 p ;
_c21 cm.
504 _aBibliografía. Indice.
650 1 7 _aArchivística
_2embne
_99949
710 1 _aSevilla (Provincia).
_bDiputación Provincial.
_96592
852 _aES-MaACL
_jL-19488
_bR.125325
999 _c12194
_d12194